Best NBA players from each team - Statistics

General Stats
  • This quiz has been taken 44 times
  • The average score is 22 of 30
Answer Stats
Hint Answer % Correct
Denver Nuggets Nikola Jokic
97%
Houston Rockets Kevin Durant
95%
Los Angeles Lakers Luka Doncic
95%
Oklahoma City Thunder Shai Gilgeous-Alexander
95%
Golden State Warriors Stephen Curry
95%
San Antonio Spurs Victor Wembanyama
92%
Memphis Grizzlies Ja Morant
89%
Milwaukee Bucks Giannis Antetokounmpo
87%
Boston Celtics Jayson Tatum
87%
Philadelphia 76ers Joel Embiid
87%
Minesota Timberwolves Anthony Edwards
84%
Dallas Mavericks Anthony Davis
82%
Cleveland Cavaliers Donovan Mitchell
76%
Los Angeles Clippers Kawhi Leonard
76%
Charlotte Hornets Lamelo Ball
76%
Atlanta Hawks Trae Young
76%
Indiana Pacers Tyrese Haliburton
76%
New Orleans Pelicans Zion Williamson
76%
Phoenix Suns Devin Booker
74%
New York Knicks Jalen Brunson
74%
Detroit Pistons Cade Cunningham
68%
Sacramento Kings Domantas Sabonis
68%
Orlando Magic Paolo Banchero
66%
Toronto Raptors Scottie Barnes
66%
Miami Heat Bam Adebayo
63%
Portland Trail Blazers Damian Lillard
63%
Utah Jazz Lauri Markkanen
61%
Chicago Bulls Josh Giddey
50%
Washington Wizards CJ McCollum
26%
Brooklyn Nets Cam Thomas
13%
No matching quizzes found
Score Distribution
Percent of People with Each Score
Percentile by Number Answered
Your Score History
You have not taken this quiz